000 00817nam a2200181 i 4500
001 68782
003 ES-MaACL
005 20230906170348.0
007 t|
008 960829s1878 sp ||||1| spa d
040 _aCAM
_bspa
_cCAM
100 1 _aGiné y Partagás, Juan (
_d1836-1903)
_957111
245 1 0 _aEnsayo teórico-práctico sobre la homología y heterología frenopáticas o sean Semejanzas y diferencias entre los procesos de la razón y de la sin-razón
_b: discurso leido en la sesión inaugural de la Academia de Medicina y Cirugía de Barcelona el día 30 de enero de 1878 /
_cpor Juan Giné y Partagás.
260 _aBarcelona :
_b[s.n.],
_c1878 (
_fEstablecimiento tipográfico de Narciso Ramirez y Cª)
300 _a90 p. ;
_c22 cm.
650 4 _aPsicosis.
_9146480
852 _aES-MaACL
_jT-274-F-6
999 _c68782
_d68782